| Поле | Инд. | ПП | Название | Значение |
|---|---|---|---|---|
| Тип записи | a | |||
| Библиографический уровень | m | |||
| 001 | Контрольный номер | c276d854ad444ec1840424accea22b0b | ||
| 005 | Дата корректировки | 20241105145615.8 | ||
| 020 | a | ISBN | 978-5-7995-1282-8 | |
| 040 | b | Код языка каталог. | rus | |
| e | Правила каталог. | PSBO | ||
| 041 | 0_ | a | Код языка текста | rus |
| 080 | a | Индекс УДК | 624.014.2.04:004(075.8) | |
| 090 | x | Авторский знак | Ч-46 | |
| a | Полочн. индекс | 624.01 | ||
| 097 | b | Оператор | *Фа* | |
| 100 | 1_ | a | Автор | Черемных С.В. |
| 245 | 10 | a | Заглавие | Проектирование стального каркаса промышленного здания с применением компьютерного моделирования |
| b | Продолж. заглавия | учебное пособие | ||
| c | Ответственность | Тверской государственный технический университет | ||
| 260 | a | Место издания | Тверь | |
| b | Издательство | ТвГТУ | ||
| c | Дата издания | 2023 | ||
| 300 | a | Объем | 132 с. | |
| 515 | a | Прим. об особенностях нумерации | № 5028 | |
| 516 | 8_ | a | Прим. о типе комп. файла/ данных | Текст : электронный |
| 520 | 0_ | a | Аннотация | Изложены основы проектирования несущих конструкций каркаса одноэтажного промышленного здания. Подробно рассмотрены расчет и конструирование внецентренно сжатой сквозной колонны и легкой фермы из парных уголков. В приложении приведены необходимые справочные данные, а также пример расчета и конструирования несущих конструкций каркаса. Составлено с учетом СП 16.13330.2017 «Стальные конструкции». Создано в соответствии с Федеральным государственным образовательным стандартом высшего образования для подготовки обучающихся бакалавров и магистров по программе техники и технологии по направлению 08.04.01 Строительство. Может быть полезно для дипломного проектирования. |
| 535 | 1_ | a | Хранилище | Сервер |
| 653 | 0_ | a | Ключевые слова | Проектирование стального каркаса |
| a | Ключевые слова | Компьютерное моделирование | ||
| a | Ключевые слова | Каркас здания | ||
| a | Ключевые слова | SCAD Office | ||
| a | Ключевые слова | Конструирование колонны | ||
| 655 | 07 | a | Жанр/ форма (устаревшее) | М |
| 900 | a | Имя макрообъекта | 001-000156038-000000000-0000-0000-01 | |
| 901 | t | Тип документа | m | |
| 905 | b | Дата создания записи обработка | 21.06.23 | |
| 922 | c | Кафедра | Конструкции и сооружения | |
| 951 | i | EL-ТГТУ? | Да | |
| 952 | a | Тип литературы для КСУ ВШ | М2 | |
| 990 | h | N записи в КСУ для Б/У (DOS) | 15/2023э | |
| g | Размещение заказа (DOS) | РИЦ |